Aliens in the attic / Twentieth Century Fox and ... Read More
Available copies
- 1 of 1 copy available at LARL/NWRL Consortium.
Current holds
0 current holds with 1 total copy.
Show Only Available Copies
| Location | Call Number / Copy Notes | Barcode | Shelving Location | Status | Due Date |
|---|---|---|---|---|---|
| Godel Memorial-Warren Library | DVD j ALI (Text) | 35500006366999 | Main | Available | - |
Record details
- Physical Description: 1 videodisc (86 min.) : sd., col. ; 4 3/4 in.
- Edition: Widescreen.
- Publisher: [United States] : 20th Century Fox Home Entertainment, 2009.
Content descriptions
| General Note: | Special features: animated short Behind the Zirkonians; introductions to film and special features ... Read More |
| Participant or Performer Note: | Andy Richter, Tim Meadows, Ashley Tisdale, Kevin ... Read More |
| Summary, etc.: | The Pearson family kids are stuck at a boring lake ... Read More |
| Target Audience Note: | Rating: PG; for action violence, some suggestive ... Read More |
| System Details Note: | DVD, region 1, widescreen (1.85:1) presentation; ... Read More |
| Language Note: | Closed-captioned. English (5.1 Dolby Digital), French or Spanish ... Read More |
Search for related items by subject
| Subject: | Extraterrestrial beings > Drama. |
| Genre: | Science fiction films. Children's films. Feature films. |
| Topic Heading: | Closed-captioned DVDs. |
| LDR | 02526cgm a2200457Ia 4500 | ||
|---|---|---|---|
| 001 | 398737 | ||
| 003 | LARL_NWRL_CONSORTIUM | ||
| 005 | 20220831194426.0 | ||
| 007 | vd cvaizq | ||
| 008 | 090910s2009 xxu086 vleng d | ||
| 024 | 1 | . | ‡a024543610960 |
| 028 | 4 | 2. | ‡a2261096 ‡b20th Century Fox |
| 035 | . | ‡a(OCoLC)436215211 | |
| 037 | . | ‡bMidwest Tape ‡nhttp://www.midwesttapes.com | |
| 040 | . | ‡aTEFMT ‡cTEFMT ‡dBTCTA ‡dTEF ‡dWIQ ‡dGZD | |
| 041 | 1 | . | ‡aeng ‡afre ‡aspa ‡jeng ‡jfre ‡jspa ‡heng |
| 082 | 0 | 4. | ‡a791.43/72 ‡222 |
| 245 | 0 | 0. | ‡aAliens in the attic / ‡cTwentieth Century Fox and Regency Enterprises present a Josephson Entertainment production ; produced by Barry Josephson ; story by Mark Burton ; director, John Schultz. |
| 250 | . | ‡aWidescreen. | |
| 260 | . | ‡a[United States] : ‡b20th Century Fox Home Entertainment, ‡c2009. | |
| 300 | . | ‡a1 videodisc (86 min.) : ‡bsd., col. ; ‡c4 3/4 in. | |
| 538 | . | ‡aDVD, region 1, widescreen (1.85:1) presentation; Dolby Digital 5.1, Dolby Digital surround, NTSC. | |
| 546 | . | ‡aClosed-captioned. | |
| 546 | . | ‡aEnglish (5.1 Dolby Digital), French or Spanish (Dolby surround); English, French or Spanish subtitles. | |
| 521 | 8 | . | ‡aRating: PG; for action violence, some suggestive humor and language. |
| 511 | 1 | . | ‡aAndy Richter, Tim Meadows, Ashley Tisdale, Kevin Nealon. |
| 520 | . | ‡aThe Pearson family kids are stuck at a boring lake house with their nerdy parents. That is until feisty, little, green aliens crash-land on the roof, with plans to conquer the house AND Earth. Using only their wits, courage and video game-playing skills, the youngsters must band together to defeat the aliens and save the world, but the toughest part might be keeping the whole thing a secret from their parents. Bonus features included. | |
| 500 | . | ‡aSpecial features: animated short Behind the Zirkonians; introductions to film and special features with Ashley Tisdale; alternate ending; deleted scenes; gag reel; Meet the Zirkonians interactive featurette; The Ashley encounters featurette; Kung fu grandma featurette. | |
| 650 | 0. | ‡aExtraterrestrial beings ‡vDrama. | |
| 655 | 0. | ‡aScience fiction films. ‡0(LARL_NWRL_CONSORTIUM)175747 | |
| 655 | 0. | ‡aChildren's films. ‡0(LARL_NWRL_CONSORTIUM)175624 | |
| 655 | 0. | ‡aFeature films. ‡0(LARL_NWRL_CONSORTIUM)175625 | |
| 690 | . | ‡aClosed-captioned DVDs. | |
| 700 | 1 | . | ‡aSchultz, John. ‡0(LARL_NWRL_CONSORTIUM)67735 |
| 700 | 1 | . | ‡aWeimberg, Gary. |
| 700 | 1 | . | ‡aRichter, Andy, ‡d1966- ‡0(LARL_NWRL_CONSORTIUM)209187 |
| 700 | 1 | . | ‡aMeadows, Tim, ‡d1961- ‡0(LARL_NWRL_CONSORTIUM)209019 |
| 700 | 1 | . | ‡aTisdale, Ashley, ‡d1985- ‡0(LARL_NWRL_CONSORTIUM)211124 |
| 700 | 1 | . | ‡aNealon, Kevin, ‡d1953- ‡0(LARL_NWRL_CONSORTIUM)156657 |
| 710 | 2 | . | ‡aTwentieth Century Fox Home Entertainment, Inc. ‡0(LARL_NWRL_CONSORTIUM)140752 |
| 901 | . | ‡a398737 ‡b ‡c398737 ‡tbiblio | |

Add to basket
Permalink
Disable Highlighting